000 00442pab a2200169 454500
008 180718b2000 xxu||||| |||| 00| 0 eng d
100 _aMichael, S.M.
245 _aThe folly of Hindutva and the spirit of Indian nationalism
260 _c2000
300 _ap.41-60
362 _aApr-Jun
650 _aNationalism - India
650 _aHinduism - India
650 _aHinduism
773 _aIndian Journal of Secularism
909 _a49027
999 _c49027
_d49027